Normal view
MARC view
Entry Personal Name
001 - CONTROL NUMBER
- control field: 68851
003 - CONTROL NUMBER IDENTIFIER
- control field: dpl
005 - DATE AND TIME OF LATEST TRANSACTION
- control field: 20240724170649.0
008 - FIXED-LENGTH DATA ELEMENTS
- fixed length control field: 240724|| aca||aabn | a|a d
040 ## - CATALOGING SOURCE
- Original cataloging agency: dpl
- Transcribing agency: dpl
100 ## - HEADING--PERSONAL NAME
- Personal name: प्रसाद, जयशंकर
670 ## - SOURCE DATA FOUND
- Source citation: Work cat.: (dpl)204417: प्रसाद, जयशंकर, मधुआ और अन्य कहानियां/, 2020
